LIBRARY & INFORMATION CENTRE, KCAET, TAVANUR

ONLINE PUBLIC ACCESS CATALOGUE (OPAC)

Elements of ecnomics (Record no. 1743)

MARC details
000 -LEADER
fixed length control field 00404cam a2200181ua 4500
041 ## - LANGUAGE CODE
Language code of text/sound track or separate title eng
082 ## - DEWEY DECIMAL CLASSIFICATION NUMBER
Classification number 330.1
Item number OOM/EL
100 ## - MAIN ENTRY--AUTHOR NAME
Personal name Oomman, M A .
245 ## - TITLE STATEMENT
Title Elements of ecnomics
250 ## - EDITION STATEMENT
Edition statement 1 /
260 ## - PUBLICATION, DISTRIBUTION, ETC. (IMPRINT)
Place of publication Chennai :
Name of publisher S.Viswanathan ,
Year of publication 1958.
300 ## - PHYSICAL DESCRIPTION
Number of Pages 64 :
Other physical details ` ; .
942 ## - ADDED ENTRY ELEMENTS (KOHA)
Koha item type Books
Holdings
Withdrawn status Lost status Damaged status Home library Current library Date acquired Cost, normal purchase price Full call number Accession Number Koha item type Public note
Withdrawn     KAUAET Sanskrit University 07/04/2012 1.50 330.1 7417 Books Transferred to Sanskrit University
free website counter